000 00922nam a2200241 a 4500
999 _c9943
_d9943
001 9943
003 BD-JhCC
005 20180403185119.0
008 180403s1974 bg a|||| b||| 000 0 ben d
035 _a(BD-JhCC)9943
040 _aBD-JhCC
_dBD-JhCC
041 _aben
082 _a001
_bCHW 1974
100 _aচৌধুরী, ফজলুর রহমান
245 _aসাধারণ জ্ঞান, প্রাত্যহিক বিজ্ঞান ও সাম্প্রতিক ঘটনাপ্রবাহ /
_cফজলুর রহমান চৌধুরী ও সায়্যিদ চৌধুরী,
250 _a1st Edi.
260 _aঢাকা :
_bমল্লিক ব্রাদার্স,
_c1974.
300 _a1072 p. :
_bill. ;
_c24 cm.
650 _aGeneral Knowledge
700 _aচৌধুরী, সায়্যিদ
942 _2ddc
_cBK